All Time NHL Goals Per Game In Regular Season - Statistics

General Stats
  • This quiz has been taken 32 times
  • The average score is 6 of 10
Answer Stats
GPG Answer % Correct
0.601 Wayne Gretzky
100%
0.607 Alexander Ovechkin
96%
0.754 Mario Lemieux
96%
0.762 Mike Bossy
80%
0.623 Pavel Bure
80%
0.574 Bobby Hull
76%
0.584 Brett Hull
76%
0.565 Tim Kerr
16%
0.756 Cy Denneny
8%
0.742 Babe Dye
4%
No matching quizzes found
Score Distribution
Percent of People with Each Score
Percentile by Number Answered
Your Score History
You have not taken this quiz